| 000 -LEADER |
| fixed length control field |
00530pab a2200181 454500 |
| 008 - FIXED-LENGTH DATA ELEMENTS--GENERAL INFORMATION |
| fixed length control field |
180718b2004 xxu||||| |||| 00| 0 eng d |
| 100 ## - MAIN ENTRY--PERSONAL NAME |
| Personal name |
Smithey, Martha |
| 245 ## - TITLE STATEMENT |
| Title |
The ineffectiveness of training on increasing time at the scene, acceptance for prosecution, and convictions of domestic |
| 260 ## - PUBLICATION, DISTRIBUTION, ETC. |
| Date of publication, distribution, etc. |
2004 |
| 300 ## - PHYSICAL DESCRIPTION |
| Extent |
p.309-26. |
| 650 ## - SUBJECT ADDED ENTRY--TOPICAL TERM |
| Topical term or geographic name entry element |
Domestic violence |
| 650 ## - SUBJECT ADDED ENTRY--TOPICAL TERM |
| Topical term or geographic name entry element |
Police |
| 650 ## - SUBJECT ADDED ENTRY--TOPICAL TERM |
| Topical term or geographic name entry element |
Training |
| 700 ## - ADDED ENTRY--PERSONAL NAME |
| Personal name |
Giacomazzi, Andrew L. |
| 700 ## - ADDED ENTRY--PERSONAL NAME |
| Personal name |
Green, Susanne E. |
| 773 ## - HOST ITEM ENTRY |
| Main entry heading |
Police Journal |
| 909 ## - |
| -- |
64281 |